25 Plus grandes villes de Roumanie (avec une carte) - Statistiques

Statistiques générales
  • Ce quiz a été pris 43 fois
  • Le résultat moyen est 11 sur 25
Réponses sur la Carte
Les réponses sont colorées sur une échelle allant du rouge au vert en fonction du pourcentage des utilisateurs qui les ont devinées à leur premier essai. Vous pouvez retrouver ces pourcentages ci-dessous.
 
Statistiques - réponses
Ville Population % Correct
Bucarest 1,7 million
100%
Cluj-Napoca 290 mille
92%
Brașov 240 mille
73%
Iași 270 mille
70%
Timișoara 250 mille
70%
Constanța 260 mille
65%
Arad 150 mille
51%
Craiova 230 mille
51%
Galați 220 mille
51%
Satu Mare 90 mille
51%
Oradea 180 mille
46%
Ploiești 180 mille
41%
Botoșani 90 mille
38%
Suceava 85 mille
38%
Baia Mare 110 mille
35%
Sibiu 135 mille
35%
Bacău 140 mille
32%
Pitești 140 mille
32%
Buzău 105 mille
30%
Brăila 155 mille
27%
Drobeta-Turnu Severin 80 mille
27%
Bistrița 80 mille
24%
Târgu Mureș 115 mille
24%
Piatra Neamț 80 mille
19%
Râmnicu Vâlcea 95 mille
16%
Aucun quiz correspondant
Distribution des résultats
% des personnes avec chaque résultat
Percentile par nombre de réponses
Votre historique - résultats
Vous n’avez pas pris ce quiz